000 00872nam a22002417a 4500
005 20130717145824.0
010 _aB-508950-951 B-515924-940
020 _a9788131761823
_c225.00
035 _aB-508952-953 B-515924-940
037 _adpl
_bKBD/Ven
037 _bUBH/Ven
082 _a488.1
100 _aThorpe, Edgar
245 _aBasic Vocabulary:
_cby Edgar Thorpe and Showick Thorpe
_bfor competitive examinations/
250 _a2nd
260 _aNew Delhi
_bPearson
_c2012
270 _a11 Community Centre, Panchsheel Park
_bNew Delhi
_e110017
300 _a6.42p.
_c22cm(pbk)
700 _dThorpe Showick
942 _2ddc
_cEN
_h488.1
_mTHO
999 _c77070
_d77070